Guia de estudio y libro de ejercicios (Registro nro. 1085)

Detalles MARC
000 -LEADER
fixed length control field 02670 a2200241 4500
001 - CONTROL NUMBER
control field 23114
005 - DATE AND TIME OF LATEST TRANSACTION
control field 20260407155520.0
008 - FIXED-LENGTH DATA ELEMENTS--GENERAL INFORMATION
fixed length control field 260407a1962 arg spa d
003 - CONTROL NUMBER IDENTIFIER
control field AR-UNSa-BCEJYS
040 ## - CATALOGING SOURCE
Original cataloging agency AR-UNSa-BCEJYS
Language of cataloging spa
Transcribing agency AR-UNSa-BCEJYS
080 ## - UNIVERSAL DECIMAL CLASSIFICATION NUMBER
Universal Decimal Classification number 330
Common auxiliary subdivision Economía en general
100 1# - MAIN ENTRY--PERSONAL NAME
Personal name Samuelson, Paul A.
245 10 - TITLE STATEMENT
Title Guia de estudio y libro de ejercicios
Name of part/section of a work del curso de conomía moderna
250 ## - EDITION STATEMENT
Edition statement 2a. ed
264 #1 - PRODUCTION, PUBLICATION, DISTRIBUTION, MANUFACTURE, AND COPYRIGHT NOTICE
Place of production, publication, distribution, manufacture Madrid :
Name of producer, publisher, distributor, manufacturer Aguilar
Date of production, publication, distribution, manufacture, or copyright notice 1962
300 ## - PHYSICAL DESCRIPTION
Extent 512 p.
Dimensions 21 cm.
505 ## - FORMATTED CONTENTS NOTE
Formatted contents note 1. Introducción - 2. Los problemas centrales de toda sociedad económica - 3. Funcionamiento del sistema mixto de empresa capitalista - 4. Ingresos individuales y familiares - 5. Las empresas: su organización e ingresos - 6. Función económica del estado: El gasto público,la regulación de la actividad económica y la financiación del gasto - 7. La función económica del estado: los impuestos federales y las haciendas locales - 8. Los trbajadores y las relaciones industriales - 9. La economía individual y los seguros sociales - 10. Renta y producto nacionles - 11. Ahorro, consumo e inversión - 12. La teoría de la deterinación de la renta - 13. El ciclo económico - 14. Precios y dinero - 15. El sistema bancario y la creación de depositos - 16. La politica monetaria de la banca central - 17. La politica monetaria de la banca central - 18. Síntesis de la politica monetaria y del análisis de la renta - 19. Detrminación del precio por la oferta y la demanda - 20. La oferta y la demanda aplicadas a la agricultura - 21. La oferta y la demanda aplicadas a la agricultura - 22. La dinámica de la especulación y del riego - 23. La teoría del consumo y la demanda - 24. El equilibrio de la empresa: Costes e ingresos - 25. La competencia imperfecta - 26. Teoría de la producción y de la productividad marginal - 27. Los precios de los factores de la producción: La renta de la tierra y de otros recursos naturales - 28. Los salarios de competencia y las negociaciones colectivas - 29. El interés y el capital - 30. Beneficios y alicientes - 31. La balanza de los pagos internacionales - 32. El comercio internacional y la teoría de los costes comparativos - 33. Teoría de la protección arancelaria y de la actualidad - 34. Los problemas económicos internacionales de la actualidad - 35. La teoría económica de la tecnología - 36. La economía de guerra y defensa - 37. Problemas de crecimiento y del desarrollo - 38. Los distintos sistemas económicos.
590 ## - LOCAL NOTE (RLIN)
Local note niveau_biblio:m niveau_hierar:0
700 1# - ADDED ENTRY--PERSONAL NAME
Personal name Robinson, Romney
700 1# - ADDED ENTRY--PERSONAL NAME
Personal name Barinaga Blanco, Jose Luis
700 1# - ADDED ENTRY--PERSONAL NAME
Personal name Baldwin, George B.
942 ## - ADDED ENTRY ELEMENTS (KOHA)
Koha item type
Existencias
Withdrawn status Lost status Damaged status Not for loan Home library Current library Shelving location Date acquired Total checkouts Full call number Barcode Date last seen Price effective from Koha item type
        Biblioteca Prof. Eusebio Cleto del Rey Biblioteca Prof. Eusebio Cleto del Rey   07/04/2026   330 S187g 2ed. L20815 07/04/2026 07/04/2026 Libro
        Biblioteca Prof. Eusebio Cleto del Rey Biblioteca Prof. Eusebio Cleto del Rey   07/04/2026   330 S187g 2ed. L20324 07/04/2026 07/04/2026 Libro
        Biblioteca Prof. Eusebio Cleto del Rey Biblioteca Prof. Eusebio Cleto del Rey   07/04/2026   330 S187g 2ed. L20816 07/04/2026 07/04/2026 Libro